| 000 | 02337nam a22003017a 4500 | ||
|---|---|---|---|
| 001 | 1692 | ||
| 003 | FISKH | ||
| 005 | 20230915113952.0 | ||
| 008 | 230915b cb ||||| |||| 00| 0 khr d | ||
| 020 | _a9789924340539 | ||
| 040 |
_aFISKH _beng _cFISKH _dFISKH |
||
| 082 | _a915.9 | ||
| 100 | _aMahbubani, Kishore | ||
| 245 |
_aអាស៊ានអច្ឆរិយ / _bកាតាលីករដើម្បីសន្ដិភាព : _cKishore Mahbubani និង Jeffery Sng |
||
| 250 | _aបោះពុម្ពលើកទី ២ ខែមករា ឆ្នាំ ២០២១ | ||
| 260 |
_aPhnom Penh : _bSipar, _c2017. |
||
| 300 |
_a281 pages : _bcolor illustrations ; _c23 cm |
||
| 500 | _afootnotes and bibliography are in English | ||
| 505 | _aZ' | ||
| 520 | _aនៅក្នុងយុគសម័យនៃការកើនឡើងខាងទិដ្ឋិនិយម វប្បធម៍ បុគ្គលដែលមានការគិតគូរ វែងឆ្ងាយជាច្រើននាក់ ជឿថាអរ្យធម៍ផ្សេងគ្នា ជាពិសេសឥស្លាម និងបស្ចឹមលោកមិនអាចរស់នៅជាមួយគ្នាក្នុងសន្ដិភាពបានទេ។ ប្រទេសទាំង ១០ នៃអាស៊ានផ្ដល់ឧទាហរណ៍នៃសហវត្តមានអារ្យធម៍។ នៅទីនេះ មនុស្ស៦២៥លាននាក់រស់នៅជមួយគ្នាក្នុងសន្ដិភាព។ អច្ឆរិយនេះកើតឡើងបានដោយសារ អាស៊ាន។ | ||
| 520 | _aIn an age of growing cultural pessimism, many far-sighted individuals believe that different civilizations, especially Islam and the West, cannot coexist in peace. | ||
| 521 | 8 |
_a920
_bLexile estimate |
|
| 521 | 8 |
_aZ'
_bRaz-Plus |
|
| 650 |
_aការគ្រប់គ្រងជម្លោះ _vអាស៊ីអាគ្នេយ៏ _x ទំនាក់ទំនងជាតិសាសន៍ _yទិដ្ឋភាពនយោបាយ |
||
| 650 |
_aConflict management _vSoutheast Asia _xEthnic relations _yPolitical aspects |
||
| 700 |
_aSng, Jeffery _eAuthor |
||
| 942 |
_2ddc _cKHB _n0 |
||
| 999 |
_c1692 _d1692 |
||